Statistics for Taylor Swift Album Covers - Click Quiz

Click here to take the quiz!

General Stats

  • This quiz has been taken 386 times
    (49 since last reset)
  • The average score is 13 of 15

Answer Stats

HintAnswer% Correct
Lover
91%
Reputation
91%
The Tortured Poets Department
88%
1989 (Taylor's Version)
88%
Folklore
88%
Evermore
85%
Taylor Swift
85%
Speak Now (Taylor's Version)
85%
Midnights
85%
Speak Now
82%
1989
79%
Fearless
79%
Red (Taylor's Version)
79%
Fearless (Taylor's Version)
79%
Red
71%

Score Distribution

Percentile by Number Answered

Percent of People with Each Score

Your Score History

You have not taken this quiz since the last reset